000 00332nam a22001457a 4500
020 _a978-93-81262-90-0
082 _a823
_bANU/M
100 _aRAVISHANKAR, ANUSHKA
245 _aMOIN AND THE MOSTER
260 _aCHENNAI
_bDUCKBILL BOOKS
_c2012
300 _a110
520 _aENGLISH STORY
650 _aENGLISH STORY
942 _cBK
999 _c5644
_d5644